000 02976cam a2200349 a 4500
003 EG-GiCUC
005 20250223031346.0
008 151201s2015 ua dh f m 000 0 eng d
040 _aEG-GiCUC
_beng
_cEG-GiCUC
041 0 _aeng
049 _aDeposite
097 _aM.Sc
099 _aCai01.11.13.M.Sc.2015.Ma.D
100 0 _aMai Mohamed Mahrous
245 1 0 _aDescriptive study of traumatic skull fracture cases in Kasr Al-Ainy hospital during the year 2013 /
_cMai Mohamed Mahrous ; Supervised Usama Mohamed Ibrahim Elbarrany , Abeer Ahmed Ahmed Zayed , Mona Mohamed Ali
246 1 5 _aدراسة وصفية لحالات كسور الجمجمة الإصابية في مستشفى قصر العيني خلال عام 2013
260 _aCairo :
_bMai Mohamed Mahrous ,
_c2015
300 _a146 P. :
_bcharts , facsimiles ;
_c25cm
502 _aThesis (M.Sc.) - Cairo University - Faculty of Medicine - Department of Forensic Medicine - Toxicology
520 _aSubjects and methods: The current work is a cross sectional descriptive study. Data were collected through the electronic filing system of the hospital. Coding and tabulation of data were done followed by statistical analysis. Results: The total number of traumatic skull fracture cases was 525. The mean age was 16.347 years where children and adolescents (<18) represented 59% of cases. Males outnumbered females in all age groups with high statistical significant difference. The majority of cases (79.2%) were from Greater Cairo. The peak incidence of traumatic skull fractures was in October (13.1%). The majority of cases (53%) were admitted in the Pm period. Most of the cases showed accidental infliction of trauma (85.9%) due to falling (37.71%) that occurred mainly in the parietal bone (32.2%) mostly in the form of depressed fractures (47.1%). Extra head injuries were detected in almost half of the studied cases (50.28%) and injuries in other body regions were present only in 7.62% of cases. Consciousness level and motor power were preserved in most of the cases (61.5%) & (93.7%) respectively. Medical treatment was received by 57.7% of cases and surgical intervention was done for 41.5%. The majority of cases improved (91.6%), while death occurred in 3% of cases. The mean period of hospital stay was 2.96 days.There was high statistical significant difference between cause of fracture with respect to age and gender variables as well as site of fracture. Manner of infliction showed statistical significant difference regarding age, gender, month of admission and cause of fracture
530 _aIssued also as CD
653 4 _aFracture
653 4 _aSkull
653 4 _aTraumatic
700 0 _aAbeer Ahmed Ahmed Zayed ,
_eSupervisor
700 0 _aMona Mohamed Ali ,
_eSupervisor
700 0 _aUsama Mohamed Ibrahim Elbarrany ,
_eSupervisor
856 _uhttp://172.23.153.220/th.pdf
905 _aEnas
_eCataloger
905 _aNazla
_eRevisor
942 _2ddc
_cTH
999 _c53662
_d53662